00973 2200313 4500001002100000005001500021035002000036007000300056008004100059020002200100040002200122082001600144084001800160090002200178090002200200100003800222245011500260250003100375300002800406650002500434850001200459504003400471264003600505336002100541337003000562338002300592999002200615990002200637INLIS00000000085453520200225025450 a0010-0220000705ta200225s2019 yoi g ind d a978-623-209-873-2 aYOPDYOGbinderda04223a297.577 a297.577 ABD r aDEP 297.577 ABD r aCB-D.11 2019-21020 aAbdul Mutakabbir,d1990-epenulis10aReinterpretasi poligami :bmenyingkap makna, syarat hingga hikmah poligami dalam Al-qur;an /cAbdul Mutakabbir aCetakan pertama, Juli 2019 aX, 192 halaman ;c21 cm 4aPoligami dalam islam aYOPDYOG aBibliografi halaman : 171-19234aYogyakarta :bDeepublish,c2019 2rdacontentateks 2rdamediaatanpa perantara 2rdacarrieravolume aCB-D.11/2019-2102 aCB-D.11/2019-2102